Southville International School and Colleges
Your cart is empty.
  • Cart
  • Lists
    Public lists Eva Luna New books Lux_list list_1
    Your lists Log in to create your own lists
  • Log in to your account
  • Your cookies
  • Search history
Southville International School and Colleges
  • Advanced search
  • Recent comments
  • Most popular
  • Libraries

Log in to your account

Log in with GOOGLE


If you do not have an external account, but do have a local account, you can still log in:

  1. Home
  2. MARC view: Mirror for humanity :
Normal view MARC view ISBD view

Mirror for humanity : (Record no. 48312)

[ view plain ]
MARC details
000 -LEADER
fixed length control field 00580nam a2200193Ia 4500
003 - CONTROL NUMBER IDENTIFIER
control field SISC
005 - DATE AND TIME OF LATEST TRANSACTION
control field 20160819103331.0
008 - FIXED-LENGTH DATA ELEMENTS--GENERAL INFORMATION
fixed length control field 140321s9999 xx 000 0 und d
020 ## - INTERNATIONAL STANDARD BOOK NUMBER
International Standard Book Number 9781121651647
050 ## - LIBRARY OF CONGRESS CALL NUMBER
Classification number GN 216
Item number .K66 2012
100 ## - MAIN ENTRY--PERSONAL NAME
Personal name Kottak, Conrad Philip.
245 ## - TITLE STATEMENT
Title Mirror for humanity :
Remainder of title a concise introduction to cultural anthropology /
Statement of responsibility, etc Conrad Philip Kottak.
250 ## - EDITION STATEMENT
Edition statement 8th edition.
260 ## - PUBLICATION, DISTRIBUTION, ETC. (IMPRINT)
Place of publication, distribution, etc New York :
Name of publisher, distributor, etc McGraw-Hill,
Date of publication, distribution, etc 2012.
300 ## - PHYSICAL DESCRIPTION
Extent 233 pages :
Other physical details illustrations ;
Dimensions 26 cm.
650 ## - SUBJECT ADDED ENTRY--TOPICAL TERM
Topical term or geographic name as entry element Enthnology.
942 ## - ADDED ENTRY ELEMENTS (KOHA)
Call number prefix Foreign
Koha item type Books
Source of classification or shelving scheme Library of Congress Classification
Holdings
Withdrawn status Lost status Damaged status Home library Current library Shelving location Date acquired Total Checkouts Full call number Barcode Date last seen Price effective from Koha item type
      College Library College Library Reserve Section 03/21/2014   GN 216 .K66 2012 C17595 05/15/2018 03/21/2014 Books

Mirror for humanity :

APA

Kottak C. P., . (2012). Mirror for humanity. New York: McGraw-Hill.

Chicago

Kottak Conrad Philip, . 2012. Mirror for humanity. New York: McGraw-Hill.

Harvard

Kottak C. P., . (2012). Mirror for humanity. New York: McGraw-Hill.

MLA

Kottak Conrad Philip, . Mirror for humanity. New York: McGraw-Hill. 2012.

  • Place hold
  • Print
  • Cite
  • Add to your cart (remove)
  • Save record
    BIBTEX Dublin Core MARCXML MARC (non-Unicode/MARC-8) MARC (Unicode/UTF-8) MARC (Unicode/UTF-8, Standard) MODS (XML) RIS
  • More searches
    Search for this title in:
    Other Libraries (WorldCat) Other Databases (Google Scholar) Online Stores (Bookfinder.com) Open Library (openlibrary.org)

Exporting to Dublin Core...

SOUTHVILLE LIBRARY

Southville International School and Colleges Library

1281 Tropical Ave. Cor. Luxembourg St., BF Homes International, Las Pinas City

Tel. No. 8256374 / 252358 Loc. 117/146

Powered by Koha